[Event "Festival GEMA - Cerrado GM"]
[Site "Mondariz ESP"]
[Date "2006.12.26"]
[Round "1.1"]
[White "Andres Gonzalez, Alberto"]
[Black "Ortega Hermida, Daniel"]
[Result "1/2-1/2"]
[WhiteElo "2426"]
[BlackElo "2380"]
[PlyCount "70"]
[EventDate "2006.10.09"]
[EventType "tourn"]
[EventRounds "9"]
[EventCountry "ESP"]
[EventCategory "7"]
[Source "lmi"]
[SourceDate "2006.12.26"]

1. Nf3 Nf6 2. g3 g6 3. Bg2 Bg7 4. O-O O-O 5. c4 d6 6. d4 Nc6 7. h3 Bf5 8. g4
Bd7 9. Nc3 h5 10. g5 Nh7 11. Be3 Qc8 12. Kh2 e5 13. Nd5 Re8 14. Qd2 exd4 15.
Nxd4 Nxd4 16. Bxd4 Bxd4 17. Qxd4 c6 18. Nf4 Nxg5 19. Qxd6 Bf5 20. Rg1 Qb8 21.
Qxb8 Raxb8 22. b3 Ne6 23. Nxe6 Rxe6 24. Bf3 Kf8 25. Rad1 Ke7 26. Kg3 Be4 27.
Rd4 Bxf3 28. Kxf3 Rd8 29. Rgd1 Rxd4 30. Rxd4 Re5 31. h4 Ra5 32. Rd2 Rf5+ 33.
Ke3 Re5+ 34. Kf4 Rf5+ 35. Ke3 Re5+ 1/2-1/2

[Event "Festival GEMA - Cerrado GM"]
[Site "Mondariz ESP"]
[Date "2006.12.26"]
[Round "1.2"]
[White "Recuero Guerra, David"]
[Black "Salgado Lopez, Ivan"]
[Result "1/2-1/2"]
[WhiteElo "2350"]
[BlackElo "2425"]
[PlyCount "104"]
[EventDate "2006.10.09"]
[EventType "tourn"]
[EventRounds "9"]
[EventCountry "ESP"]
[EventCategory "7"]
[Source "lmi"]
[SourceDate "2006.12.26"]

1. e4 c5 2. Nf3 d6 3. d4 cxd4 4. Nxd4 Nf6 5. Nc3 a6 6. Be3 e5 7. Nf3 Be7 8. Bc4
O-O 9. O-O Be6 10. Bb3 Nc6 11. Bg5 Nd7 12. Bxe7 Qxe7 13. Nd5 Qd8 14. c3 a5 15.
Bc2 Nb6 16. Qd3 g6 17. Bb3 Nd7 18. Bc4 Kg7 19. Qd2 Rb8 20. a4 h6 21. Rfe1 Qc8
22. Rad1 Rd8 23. Nh4 Nb4 24. Bb5 Na6 25. Ne7 Qc7 26. Bxa6 bxa6 27. Qxd6 Qxd6
28. Rxd6 Nc5 29. Rxd8 Rxd8 30. b4 Nxa4 31. Nc6 Rd2 32. Nf3 Ra2 33. Nfxe5 Nxc3
34. bxa5 Nxe4 35. Nd3 Bc4 36. Ncb4 Rd2 37. Rxe4 Bxd3 38. Nxd3 Rxd3 39. Kf1 Rd5
40. Ra4 Kf6 41. h4 h5 42. Ke2 Ke5 43. Ke3 Rb5 44. Re4+ Kd6 45. Rd4+ Kc6 46. Rf4
Rb7 47. Re4 Kb5 48. Re5+ Kb4 49. f3 Rb5 50. Re7 Rf5 51. g4 hxg4 52. fxg4 Rf1
1/2-1/2

[Event "Festival GEMA - Cerrado GM"]
[Site "Mondariz ESP"]
[Date "2006.12.26"]
[Round "1.3"]
[White "Adla, Diego"]
[Black "Rotstein, Arkadij"]
[Result "1-0"]
[WhiteElo "2487"]
[BlackElo "2539"]
[PlyCount "77"]
[EventDate "2006.10.09"]
[EventType "tourn"]
[EventRounds "9"]
[EventCountry "ESP"]
[EventCategory "7"]
[Source "lmi"]
[SourceDate "2006.12.26"]

1. c4 Nf6 2. Nf3 e6 3. e3 b6 4. d4 Bb7 5. Bd3 d5 6. O-O Nbd7 7. Nc3 Bd6 8. Qc2
dxc4 9. Bxc4 Bxf3 10. gxf3 O-O 11. Kh1 c5 12. dxc5 Bxc5 13. Bd2 Ne5 14. Be2 Rc8
15. Rad1 Qe7 16. Qa4 Bb4 17. a3 Bxc3 18. Bxc3 Qc7 19. Qf4 Ng6 20. Qxc7 Rxc7 21.
Bb4 Ra8 22. Rd2 Nd5 23. Bd6 Rc6 24. Bg3 f5 25. Ba6 Rc5 26. Bd6 Ra5 27. Bb7 Re8
28. Bc6 Kf7 29. Bxe8+ Kxe8 30. Rc1 Nh4 31. f4 Ra4 32. b3 Re4 33. Rc4 Rxc4 34.
bxc4 Nf6 35. Bb8 Ne4 36. Rb2 a6 37. Rxb6 Nxf2+ 38. Kg1 Ng4 39. h3 1-0

[Event "Festival GEMA - Cerrado GM"]
[Site "Mondariz ESP"]
[Date "2006.12.26"]
[Round "1.4"]
[White "Hoffman, Alejandro"]
[Black "Martinez Martin, David"]
[Result "1-0"]
[WhiteElo "2442"]
[BlackElo "2415"]
[PlyCount "65"]
[EventDate "2006.10.09"]
[EventType "tourn"]
[EventRounds "9"]
[EventCountry "ESP"]
[EventCategory "7"]
[Source "lmi"]
[SourceDate "2006.12.26"]

1. d4 Nf6 2. c4 e6 3. Nc3 Bb4 4. e3 c5 5. Bd3 O-O 6. Nge2 cxd4 7. exd4 d5 8.
O-O dxc4 9. Bxc4 Nbd7 10. a3 Be7 11. Ba2 Nb6 12. Nf4 Re8 13. Be3 Bd7 14. d5 e5
15. Nh5 Bf5 16. Ng3 Bg6 17. Qe2 h5 18. Rfd1 h4 19. Nf1 Bh5 20. f3 e4 21. d6 Bf8
22. Qf2 exf3 23. gxf3 Nbd7 24. Rd4 Ne5 25. Nd2 Nc6 26. Rxh4 Qxd6 27. Nce4 Nxe4
28. fxe4 Bg6 29. Rf1 Qd7 30. Qg2 Ne5 31. Nc4 Nxc4 32. Bxc4 Qd6 33. Qh3 1-0

[Event "Festival GEMA - Cerrado GM"]
[Site "Mondariz ESP"]
[Date "2006.12.26"]
[Round "1.5"]
[White "Gallardo Garcia, Andres"]
[Black "Movsziszian, Karen"]
[Result "0-1"]
[WhiteElo "2314"]
[BlackElo "2456"]
[PlyCount "89"]
[EventDate "2006.10.09"]
[EventType "tourn"]
[EventRounds "9"]
[EventCountry "ESP"]
[EventCategory "7"]
[Source "lmi"]
[SourceDate "2006.12.26"]

1. d4 d6 2. c4 e5 3. dxe5 dxe5 4. Qxd8+ Kxd8 5. Nf3 f6 6. Nc3 c6 7. Bd2 Be6 8.
e3 Nd7 9. Rg1 Nh6 10. h3 Nf7 11. g4 a5 12. Ne4 Kc7 13. O-O-O b5 14. Bc3 bxc4
15. g5 Bd5 16. Nfd2 f5 17. Ng3 Nd6 18. f4 e4 19. h4 Rg8 20. h5 g6 21. h6 Be7
22. Kb1 Rgb8 23. Rc1 Nc5 24. Be5 Nd3 25. Bxd3 cxd3 26. Nxf5 gxf5 27. g6 hxg6
28. Rxg6 Kd7 29. h7 Rh8 30. Rh1 Nf7 31. Bxh8 Nxh8 32. Rg7 a4 33. Rh6 Bf7 34. b3
axb3 35. Nxb3 Rb8 36. Kc1 Bf8 37. Rxf7+ Nxf7 38. Rh5 Ba3+ 39. Kd2 c5 40. Rxf5
Ke6 41. Rh5 c4 42. Nd4+ Kf6 43. Kc3 Bb2+ 44. Kxc4 Bxd4 45. exd4 0-1

[Event "Festival GEMA - Cerrado GM"]
[Site "Mondariz ESP"]
[Date "2006.12.27"]
[Round "2.1"]
[White "Ortega Hermida, Daniel"]
[Black "Movsziszian, Karen"]
[Result "0-1"]
[WhiteElo "2380"]
[BlackElo "2456"]
[PlyCount "73"]
[EventDate "2006.10.09"]
[EventType "tourn"]
[EventRounds "9"]
[EventCountry "ESP"]
[EventCategory "7"]
[Source "lmi"]
[SourceDate "2006.12.26"]

1. d4 d6 2. Nf3 g6 3. g3 Bg7 4. Bg2 f5 5. O-O Nf6 6. c4 O-O 7. Nc3 Nc6 8. d5
Na5 9. Qa4 b6 10. Qc2 Bd7 11. b3 c5 12. dxc6 Nxc6 13. Bb2 Rc8 14. Rad1 Qe8 15.
Qb1 h6 16. Nd5 e5 17. Ba3 Ne4 18. Nd2 Nc5 19. b4 Nb7 20. Rfe1 g5 21. Nb3 e4 22.
f4 Ne7 23. Rc1 Be6 24. Red1 gxf4 25. gxf4 Rxc4 26. Nc7 Qd7 27. Nxe6 Qxe6 28.
Rxc4 Qxc4 29. Rc1 Qd5 30. e3 Rf7 31. Bf1 Qe6 32. Rc7 Nd5 33. Rxf7 Qxf7 34. Qc1
Kh7 35. Bc4 Qg6+ 36. Kh1 Nf6 37. Be2 0-1

[Event "Festival GEMA - Cerrado GM"]
[Site "Mondariz ESP"]
[Date "2006.12.27"]
[Round "2.2"]
[White "Martinez Martin, David"]
[Black "Gallardo Garcia, Andres"]
[Result "1/2-1/2"]
[WhiteElo "2415"]
[BlackElo "2314"]
[PlyCount "43"]
[EventDate "2006.10.09"]
[EventType "tourn"]
[EventRounds "9"]
[EventCountry "ESP"]
[EventCategory "7"]
[Source "lmi"]
[SourceDate "2006.12.26"]

1. d4 d5 2. c4 e6 3. Nc3 c5 4. cxd5 exd5 5. Nf3 Nc6 6. g3 Nf6 7. Bg2 Be7 8. O-O
O-O 9. h3 Be6 10. Be3 c4 11. Ne5 Qc8 12. Kh2 Rd8 13. f4 Bf5 14. g4 Be4 15. Nxe4
Nxe4 16. Nxc4 dxc4 17. Bxe4 Qe6 18. Qc2 Nxd4 19. Bxh7+ Kf8 20. Qe4 Qb6 21. Rad1
Bc5 22. Bxd4 1/2-1/2

[Event "Festival GEMA - Cerrado GM"]
[Site "Mondariz ESP"]
[Date "2006.12.27"]
[Round "2.3"]
[White "Rotstein, Arkadij"]
[Black "Hoffman, Alejandro"]
[Result "1/2-1/2"]
[WhiteElo "2539"]
[BlackElo "2442"]
[PlyCount "108"]
[EventDate "2006.10.09"]
[EventType "tourn"]
[EventRounds "9"]
[EventCountry "ESP"]
[EventCategory "7"]
[Source "lmi"]
[SourceDate "2006.12.26"]

1. c4 c5 2. Nf3 g6 3. d4 cxd4 4. Nxd4 Bg7 5. e4 Nc6 6. Be3 Nf6 7. Nc3 O-O 8.
Be2 d6 9. Qd2 Nxd4 10. Bxd4 Bd7 11. O-O Bc6 12. f3 a5 13. b3 Nd7 14. Be3 Nc5
15. Rac1 Qb6 16. Nb5 Rfc8 17. Rfd1 Qd8 18. Bf1 Qf8 19. Nd4 Bd7 20. g3 h5 21.
Bg2 Kh7 22. f4 e5 23. Nb5 Bxb5 24. cxb5 Rd8 25. Qd5 exf4 26. gxf4 b6 27. a3 Bb2
28. Rc2 Bxa3 29. f5 Qg8 30. Rf2 Ra7 31. e5 Re8 32. fxg6+ fxg6 33. Qxg8+ Kxg8
34. Rxd6 Rxe5 35. Rd8+ Kh7 36. Bd4 Ne6 37. Bxe5 Nxd8 38. Bd4 Rd7 39. Bxb6 Ne6
40. Rc2 Nd4 41. Rc7 Rxc7 42. Bxc7 Nxb5 43. Bxa5 g5 44. Bf1 Nd4 45. Bc4 Bd6 46.
Kg2 g4 47. Be1 Bxh2 48. Kxh2 Nf3+ 49. Kg3 Nxe1 50. b4 Nf3 51. b5 Ne5 52. b6 Nd7
53. b7 Kg6 54. Be6 Nb8 1/2-1/2

[Event "Festival GEMA - Cerrado GM"]
[Site "Mondariz ESP"]
[Date "2006.12.27"]
[Round "2.4"]
[White "Salgado Lopez, Ivan"]
[Black "Adla, Diego"]
[Result "1-0"]
[WhiteElo "2425"]
[BlackElo "2487"]
[PlyCount "85"]
[EventDate "2006.10.09"]
[EventType "tourn"]
[EventRounds "9"]
[EventCountry "ESP"]
[EventCategory "7"]
[Source "lmi"]
[SourceDate "2006.12.26"]

1. e4 c5 2. Nf3 e6 3. d4 cxd4 4. Nxd4 Nc6 5. Nc3 Qc7 6. Be3 a6 7. Qd2 Nf6 8.
O-O-O Bb4 9. f3 Ne5 10. Nb3 b5 11. Qe1 Be7 12. f4 Ng6 13. e5 Ng4 14. Ne4 O-O
15. Bc5 Bb7 16. Nd6 Bd5 17. Rxd5 exd5 18. Qd1 Nf6 19. g3 Ne4 20. Qxd5 Nxc5 21.
Nxc5 Rac8 22. b4 a5 23. a3 axb4 24. axb4 Qa7 25. c3 Bxd6 26. exd6 Rxc5 27. bxc5
Rc8 28. Bg2 Nf8 29. Kb2 Rxc5 30. Qd2 Qb6 31. Bd5 Ne6 32. Bb3 Rc8 33. Re1 Nc5
34. Qd5 Kh8 35. Bc2 Na4+ 36. Kc1 Nxc3 37. Qxf7 Qd8 38. Re7 Qg8 39. Kd2 b4 40.
Qxg8+ Kxg8 41. Bb3+ Kh8 42. Rxd7 h6 43. Re7 1-0

[Event "Festival GEMA - Cerrado GM"]
[Site "Mondariz ESP"]
[Date "2006.12.27"]
[Round "2.5"]
[White "Andres Gonzalez, Alberto"]
[Black "Recuero Guerra, David"]
[Result "1/2-1/2"]
[WhiteElo "2426"]
[BlackElo "2350"]
[PlyCount "50"]
[EventDate "2006.10.09"]
[EventType "tourn"]
[EventRounds "9"]
[EventCountry "ESP"]
[EventCategory "7"]
[Source "lmi"]
[SourceDate "2006.12.26"]

1. Nf3 d5 2. g3 Nc6 3. Bg2 Bg4 4. d4 Qd7 5. Bf4 f6 6. h3 Bf5 7. g4 Be6 8. g5
O-O-O 9. Nc3 Bf7 10. e3 h6 11. gxf6 exf6 12. h4 Bb4 13. Qd3 Be6 14. a3 Bf5 15.
Qd2 Bxc3 16. Qxc3 h5 17. Nd2 Nh6 18. O-O-O Nf7 19. Nb3 b6 20. Bf1 Kb7 21. Be2
g5 22. Bg3 g4 23. Bb5 Nd6 24. Bxc6+ Qxc6 25. Qxc6+ Kxc6 1/2-1/2

[Event "Festival GEMA - Cerrado GM"]
[Site "Mondariz ESP"]
[Date "2006.12.28"]
[Round "3.1"]
[White "Recuero Guerra, David"]
[Black "Ortega Hermida, Daniel"]
[Result "1-0"]
[WhiteElo "2350"]
[BlackElo "2380"]
[PlyCount "195"]
[EventDate "2006.10.09"]
[EventType "tourn"]
[EventRounds "9"]
[EventCountry "ESP"]
[EventCategory "7"]
[Source "lmi"]
[SourceDate "2006.12.26"]

1. e4 c5 2. Nf3 e6 3. d4 cxd4 4. Nxd4 Nc6 5. Nc3 a6 6. Be2 Qc7 7. O-O Nf6 8.
Be3 Be7 9. f4 d6 10. Qe1 Nxd4 11. Bxd4 b5 12. a3 O-O 13. Qg3 Bb7 14. Rae1 Rad8
15. Bd3 Rd7 16. e5 dxe5 17. Bxe5 Qb6+ 18. Kh1 Nh5 19. Qh3 g6 20. Ne4 Bxe4 21.
Rxe4 Nf6 22. Re3 Ng4 23. Re2 Nxe5 24. fxe5 Qd4 25. Qh6 Qh4 26. Qxh4 Bxh4 27. a4
Rd5 28. Ra1 Rc8 29. g3 Bd8 30. axb5 axb5 31. Ra7 b4 32. Rb7 Ba5 33. Re4 Rcc5
34. Rf4 Bc7 35. Rfxb4 Bxe5 36. Ra7 Ra5 37. Rxa5 Rxa5 38. Kg2 Ra2 39. b3 Bd6 40.
Rb6 Bc5 41. Rb7 Rb2 42. g4 Rb1 43. Kf3 Bd6 44. c4 Rb2 45. Rb6 Bf8 46. h3 Rd2
47. Be2 e5 48. Rb8 Kg7 49. Rb5 e4+ 50. Ke3 Rb2 51. Bf1 f5 52. gxf5 gxf5 53.
Rxf5 Rxb3+ 54. Kxe4 Rc3 55. Kd4 Rc1 56. Bd3 h6 57. h4 Rg1 58. c5 Rg4+ 59. Kd5
Bxc5 60. Kxc5 Rxh4 61. Kd5 Rb4 62. Rf3 Rb6 63. Ke5 Rc6 64. Rg3+ Kf7 65. Be4
Re6+ 66. Kf4 Rd6 67. Ra3 Ke7 68. Bf5 Kf6 69. Ra7 Rd1 70. Ra6+ Kf7 71. Rxh6 Rf1+
72. Ke5 Ra1 73. Rh7+ Kg8 74. Rb7 Ra8 75. Kf6 Rf8+ 76. Kg6 Re8 77. Ra7 Kh8 78.
Kh6 Kg8 79. Rb7 Re5 80. Bg6 Kf8 81. Ra7 Re6 82. Rb7 Rd6 83. Kg5 Rd5+ 84. Kf6
Rd6+ 85. Kf5 Ra6 86. Rf7+ Kg8 87. Rd7 Kf8 88. Kg5 Re6 89. Bf5 Rb6 90. Kf4 Rb5
91. Be4 Ra5 92. Rb7 Rc5 93. Ke3 Ra5 94. Kd4 Rg5 95. Bd5 Rg7 96. Rb6 Rg4+ 97.
Ke5 Rg5+ 98. Kf6 1-0

[Event "Festival GEMA - Cerrado GM"]
[Site "Mondariz ESP"]
[Date "2006.12.28"]
[Round "3.2"]
[White "Adla, Diego"]
[Black "Andres Gonzalez, Alberto"]
[Result "1/2-1/2"]
[WhiteElo "2487"]
[BlackElo "2426"]
[PlyCount "97"]
[EventDate "2006.10.09"]
[EventType "tourn"]
[EventRounds "9"]
[EventCountry "ESP"]
[EventCategory "7"]
[Source "lmi"]
[SourceDate "2006.12.26"]

1. c4 e5 2. Nc3 Nc6 3. g3 g6 4. Bg2 Bg7 5. Nf3 d6 6. O-O f5 7. d3 Nf6 8. Rb1 a5
9. a3 O-O 10. b4 axb4 11. axb4 h6 12. b5 Ne7 13. Nd2 Rb8 14. Qb3 Be6 15. Bb2
Qd7 16. Ra1 c5 17. Ra7 h5 18. b6 Nc6 19. Rfa1 h4 20. Qb5 hxg3 21. hxg3 Nd4 22.
Qxd7 Nxd7 23. Rb1 Nxb6 24. Bc1 Nc6 25. Ra3 Nd7 26. Nb5 Nd4 27. Nxd4 cxd4 28.
Nf3 Bf6 29. Ng5 Bxg5 30. Bxg5 Rf7 31. Rxb7 Rxb7 32. Bxb7 Nc5 33. Bc6 Rc7 34.
Bb5 Kf7 35. Bd8 Rb7 36. Bc6 Rb1+ 37. Kg2 Nd7 38. Ra7 Ke8 39. Bg5 Rb6 40. Bb5
Bd5+ 41. f3 Bc6 42. Bxc6 Rxc6 43. f4 e4 44. g4 Nc5 45. Ra8+ Kf7 46. Ra7+ Ke8
47. Ra8+ Kf7 48. Ra7+ Ke8 49. Ra8+ 1/2-1/2

[Event "Festival GEMA - Cerrado GM"]
[Site "Mondariz ESP"]
[Date "2006.12.28"]
[Round "3.3"]
[White "Hoffman, Alejandro"]
[Black "Salgado Lopez, Ivan"]
[Result "1-0"]
[WhiteElo "2442"]
[BlackElo "2425"]
[PlyCount "47"]
[EventDate "2006.10.09"]
[EventType "tourn"]
[EventRounds "9"]
[EventCountry "ESP"]
[EventCategory "7"]
[Source "lmi"]
[SourceDate "2006.12.26"]

1. d4 d5 2. c4 c6 3. Nf3 Nf6 4. Nc3 dxc4 5. a4 Bf5 6. e3 e6 7. Bxc4 Bb4 8. O-O
Nbd7 9. Nh4 O-O 10. Nxf5 exf5 11. Qc2 g6 12. Bd2 Nb6 13. Ba2 a5 14. Rad1 Qe7
15. Rfe1 Rfe8 16. f3 Rad8 17. Bc1 c5 18. Re2 c4 19. e4 fxe4 20. Bg5 e3 21. Ne4
Nbd7 22. Rxe3 Qf8 23. Nxf6+ Nxf6 24. Rxe8 1-0

[Event "Festival GEMA - Cerrado GM"]
[Site "Mondariz ESP"]
[Date "2006.12.28"]
[Round "3.4"]
[White "Gallardo Garcia, Andres"]
[Black "Rotstein, Arkadij"]
[Result "0-1"]
[WhiteElo "2314"]
[BlackElo "2539"]
[PlyCount "96"]
[EventDate "2006.10.09"]
[EventType "tourn"]
[EventRounds "9"]
[EventCountry "ESP"]
[EventCategory "7"]
[Source "lmi"]
[SourceDate "2006.12.26"]

1. d4 Nf6 2. c4 e6 3. Nc3 Bb4 4. Qc2 d5 5. cxd5 exd5 6. Bg5 c5 7. e3 cxd4 8.
exd4 Nc6 9. Bb5 O-O 10. Nge2 Qb6 11. Bd3 Nxd4 12. Nxd4 Qxd4 13. O-O Be6 14. Ne2
Qc5 15. Bxf6 Qxc2 16. Bxc2 gxf6 17. Bb3 Rfd8 18. Rad1 Bd6 19. Nd4 Rac8 20. h3
Kf8 21. Rd3 Rc5 22. f4 Bd7 23. Kh2 Re8 24. g3 Bc7 25. Rfd1 h5 26. R1d2 h4 27.
Nf3 hxg3+ 28. Kxg3 Re4 29. Bxd5 Bxf4+ 30. Kg2 Rxd5 31. Rxd5 Bc6 32. Kf2 Be3+
33. Kg3 Bxd2 34. Rxd2 Re3 35. Rf2 Bd5 36. Kf4 Re4+ 37. Kg3 Bxa2 38. Nh4 Re3+
39. Rf3 Rxf3+ 40. Nxf3 a5 41. Nd4 a4 42. Kf4 Bc4 43. h4 b5 44. Nc6 Kg7 45. Nb4
Kg6 46. Nc6 Kh5 47. Kf5 Kxh4 48. Kxf6 Kg4 0-1

[Event "Festival GEMA - Cerrado GM"]
[Site "Mondariz ESP"]
[Date "2006.12.28"]
[Round "3.5"]
[White "Movsziszian, Karen"]
[Black "Martinez Martin, David"]
[Result "1-0"]
[WhiteElo "2456"]
[BlackElo "2415"]
[PlyCount "67"]
[EventDate "2006.10.09"]
[EventType "tourn"]
[EventRounds "9"]
[EventCountry "ESP"]
[EventCategory "7"]
[Source "lmi"]
[SourceDate "2006.12.26"]

1. e4 e6 2. d3 d5 3. Nd2 Nf6 4. Ngf3 b6 5. c3 c5 6. Be2 Nc6 7. O-O Bd6 8. Re1
O-O 9. Bf1 Qc7 10. g3 Ba6 11. e5 Nxe5 12. Nxe5 Bxe5 13. d4 cxd4 14. cxd4 Bxd4
15. Bxa6 b5 16. Nb3 Bxf2+ 17. Kxf2 Qb6+ 18. Be3 Ne4+ 19. Kg2 Qxa6 20. Nc5 Nxc5
21. Bxc5 Rfe8 22. b4 Qc6 23. Rc1 e5 24. Qf3 Qd7 25. Rcd1 Rad8 26. g4 Re6 27. h3
f6 28. Rd2 d4 29. Qe4 Ra6 30. Re3 Kf7 31. Qxh7 Rxa2 32. Rxa2 Qd5+ 33. Rf3 Qxa2+
34. Kg3 1-0

[Event "Festival GEMA - Cerrado GM"]
[Site "Mondariz ESP"]
[Date "2006.12.29"]
[Round "4.1"]
[White "Ortega Hermida, Daniel"]
[Black "Martinez Martin, David"]
[Result "1-0"]
[WhiteElo "2380"]
[BlackElo "2415"]
[PlyCount "53"]
[EventDate "2006.10.09"]
[EventType "tourn"]
[EventRounds "9"]
[EventCountry "ESP"]
[EventCategory "7"]
[Source "lmi"]
[SourceDate "2006.12.26"]

1. d4 d5 2. c4 c6 3. Nc3 Nf6 4. Nf3 dxc4 5. a4 c5 6. d5 e6 7. e4 Nxe4 8. Nxe4
exd5 9. Nc3 Be6 10. Ng5 Nc6 11. Nxe6 fxe6 12. Be2 Bd6 13. Bh5+ g6 14. Bg4 Qf6
15. O-O Nd4 16. Nb5 Nxb5 17. axb5 O-O 18. Qf3 Qxf3 19. Bxf3 a6 20. Bg4 Rfe8 21.
Re1 Kf7 22. Ra3 axb5 23. Rxa8 Rxa8 24. Bxe6+ Kf6 25. Bxd5 Be5 26. h4 h6 27.
Bxh6 1-0

[Event "Festival GEMA - Cerrado GM"]
[Site "Mondariz ESP"]
[Date "2006.12.29"]
[Round "4.2"]
[White "Rotstein, Arkadij"]
[Black "Movsziszian, Karen"]
[Result "0-1"]
[WhiteElo "2539"]
[BlackElo "2456"]
[PlyCount "86"]
[EventDate "2006.10.09"]
[EventType "tourn"]
[EventRounds "9"]
[EventCountry "ESP"]
[EventCategory "7"]
[Source "lmi"]
[SourceDate "2006.12.26"]

1. c4 g6 2. g3 Bg7 3. Bg2 e5 4. Nc3 d6 5. d3 f5 6. e3 Nf6 7. Nge2 O-O 8. O-O c6
9. b4 a6 10. Rb1 Be6 11. a4 d5 12. cxd5 cxd5 13. Qb3 Bf7 14. d4 e4 15. b5 a5
16. Ba3 Re8 17. b6 Re6 18. Rfc1 Na6 19. Qb5 Nb4 20. Bxb4 Be8 21. Qc5 axb4 22.
Qxb4 Bf8 23. Qb3 Ra6 24. Nf4 Raxb6 25. Qa2 Bf7 26. Bf1 Rxb1 27. Rxb1 Rc6 28.
Nb5 g5 29. Ne2 b6 30. Nbc3 h5 31. Rb5 h4 32. gxh4 gxh4 33. Nf4 Bh6 34. Nce2 Nh5
35. h3 Nxf4 36. Nxf4 Bxf4 37. exf4 Qc7 38. Qd2 Rc1 39. Qe2 Qxf4 40. Qe3 Qxe3
41. fxe3 f4 42. exf4 e3 43. Rb2 Bg6 0-1

[Event "Festival GEMA - Cerrado GM"]
[Site "Mondariz ESP"]
[Date "2006.12.29"]
[Round "4.3"]
[White "Salgado Lopez, Ivan"]
[Black "Gallardo Garcia, Andres"]
[Result "1-0"]
[WhiteElo "2425"]
[BlackElo "2314"]
[PlyCount "101"]
[EventDate "2006.10.09"]
[EventType "tourn"]
[EventRounds "9"]
[EventCountry "ESP"]
[EventCategory "7"]
[Source "lmi"]
[SourceDate "2006.12.26"]

1. e4 e5 2. Nf3 Nc6 3. Bb5 a6 4. Ba4 Nf6 5. O-O Be7 6. Re1 b5 7. Bb3 d6 8. c3
O-O 9. h3 Bb7 10. d4 Re8 11. Nbd2 Bf8 12. d5 Ne7 13. Nh2 c6 14. dxc6 Bxc6 15.
Ng4 Ng6 16. Nf1 Nxg4 17. hxg4 Qd7 18. Qf3 Qb7 19. Bg5 a5 20. Rad1 a4 21. Bd5
Bxd5 22. Rxd5 a3 23. b3 Rec8 24. g3 Rc5 25. Rd3 Rac8 26. Red1 R5c6 27. Bc1 Qa7
28. Be3 Qb7 29. Bd2 Be7 30. Ne3 Nf8 31. Nd5 Ne6 32. Nb4 R6c7 33. Qe2 h6 34. Be1
Bf8 35. f3 Rc5 36. Kg2 Kh8 37. Bd2 Kg8 38. Nd5 R5c6 39. Ne3 b4 40. c4 Nd4 41.
Qe1 Rb8 42. Nd5 Nc2 43. Qf2 Nd4 44. Bxb4 Ra6 45. Bd2 Ne6 46. Be3 Qc6 47. Nc3
Rba8 48. Qd2 Nc7 49. Rh1 Qe8 50. Nd5 Ne6 51. Bxh6 1-0

[Event "Festival GEMA - Cerrado GM"]
[Site "Mondariz ESP"]
[Date "2006.12.29"]
[Round "4.4"]
[White "Andres Gonzalez, Alberto"]
[Black "Hoffman, Alejandro"]
[Result "1/2-1/2"]
[WhiteElo "2426"]
[BlackElo "2442"]
[PlyCount "22"]
[EventDate "2006.10.09"]
[EventType "tourn"]
[EventRounds "9"]
[EventCountry "ESP"]
[EventCategory "7"]
[Source "lmi"]
[SourceDate "2006.12.26"]

1. Nf3 d5 2. g3 g6 3. Bg2 Bg7 4. d4 Nf6 5. O-O c6 6. c4 dxc4 7. a4 O-O 8. Na3
Na6 9. Nxc4 Be6 10. b3 Bd5 11. Bb2 c5 1/2-1/2

[Event "Festival GEMA - Cerrado GM"]
[Site "Mondariz ESP"]
[Date "2006.12.29"]
[Round "4.5"]
[White "Recuero Guerra, David"]
[Black "Adla, Diego"]
[Result "1/2-1/2"]
[WhiteElo "2350"]
[BlackElo "2487"]
[PlyCount "69"]
[EventDate "2006.10.09"]
[EventType "tourn"]
[EventRounds "9"]
[EventCountry "ESP"]
[EventCategory "7"]
[Source "lmi"]
[SourceDate "2006.12.26"]

1. e4 e5 2. Nf3 Nc6 3. Bb5 a6 4. Ba4 Nf6 5. O-O Be7 6. Re1 b5 7. Bb3 d6 8. c3
O-O 9. h3 Nb8 10. d4 Nbd7 11. Nbd2 Bb7 12. Bc2 Re8 13. Nf1 Bf8 14. Ng3 c6 15.
a4 c5 16. d5 c4 17. Bg5 h6 18. Be3 Nc5 19. Ra3 Nfd7 20. Qd2 h5 21. h4 Nb6 22.
axb5 axb5 23. Rea1 Rxa3 24. Rxa3 Nba4 25. Ra2 Bc8 26. Ng5 Be7 27. Qe2 Bg4 28.
f3 Bd7 29. Nf1 Qc8 30. Kh2 f6 31. Nh3 f5 32. exf5 Bxf5 33. Ng3 e4 34. Bxc5 Nxc5
35. Ng5 1/2-1/2

[Event "Festival GEMA - Cerrado GM"]
[Site "Mondariz ESP"]
[Date "2006.12.30"]
[Round "5.1"]
[White "Adla, Diego"]
[Black "Ortega Hermida, Daniel"]
[Result "1-0"]
[WhiteElo "2487"]
[BlackElo "2380"]
[PlyCount "133"]
[EventDate "2006.10.09"]
[EventType "tourn"]
[EventRounds "9"]
[EventCountry "ESP"]
[EventCategory "7"]
[Source "lmi"]
[SourceDate "2006.12.26"]

1. c4 g6 2. Nc3 Bg7 3. Nf3 d6 4. d4 Nd7 5. e4 e5 6. Be2 Ngf6 7. O-O O-O 8. Re1
Re8 9. d5 Nh5 10. g3 Bf6 11. Be3 Ng7 12. b4 Be7 13. Rc1 f5 14. c5 Nf6 15. cxd6
Bxd6 16. exf5 Nxf5 17. Bc5 a6 18. Bd3 Kg7 19. Qd2 h6 20. a3 b6 21. Be3 e4 22.
Bxe4 Nxe4 23. Nxe4 Rxe4 24. Bxh6+ Nxh6 25. Rxe4 Nf7 26. Nd4 Qg5 27. f4 Qxd5 28.
Re5 Qb7 29. Ne6+ Kh7 30. Re3 Bxe6 31. Rxe6 Qf3 32. Rf1 Qg4 33. Rf6 Nh6 34. f5
g5 35. Qd5 Re8 36. Re6 Rd8 37. Rxh6+ Kxh6 38. Qe6+ Kh7 39. Qf7+ Kh8 40. Qf6+
Kh7 41. Qg6+ Kh8 42. Qf6+ Kh7 43. Qxd8 Bxg3 44. Qe7+ Kh8 45. Qd8+ Kh7 46. Qd1
Qh3 47. Qc2 Bf4 48. f6+ Kh6 49. Qe2 Kg6 50. Re1 Qf5 51. f7 Qxf7 52. Qe6+ Qxe6
53. Rxe6+ Kf5 54. Re8 Bc1 55. a4 Bd2 56. b5 axb5 57. axb5 Bf4 58. h3 Be5 59.
Kg2 Ke4 60. Re6 Kf4 61. Rc6 Ke4 62. Kf2 Bd6 63. Ke2 Kf4 64. Rc4+ Kg3 65. Rg4+
Kxh3 66. Rxg5 Bf4 67. Rg8 1-0

[Event "Festival GEMA - Cerrado GM"]
[Site "Mondariz ESP"]
[Date "2006.12.30"]
[Round "5.2"]
[White "Hoffman, Alejandro"]
[Black "Recuero Guerra, David"]
[Result "1/2-1/2"]
[WhiteElo "2442"]
[BlackElo "2350"]
[PlyCount "49"]
[EventDate "2006.10.09"]
[EventType "tourn"]
[EventRounds "9"]
[EventCountry "ESP"]
[EventCategory "7"]
[Source "lmi"]
[SourceDate "2006.12.26"]

1. d4 d5 2. c4 dxc4 3. e3 Nf6 4. Bxc4 e6 5. Nf3 a6 6. Bd3 c5 7. O-O Nbd7 8. Qe2
Qc7 9. h3 Be7 10. Nbd2 b6 11. b3 cxd4 12. Nxd4 Nc5 13. Bc2 Bb7 14. Bb2 O-O 15.
Rac1 a5 16. Nc4 b5 17. Nd2 b4 18. Bd3 Rfd8 19. Bb5 Rac8 20. Rc2 Qb8 21. Rfc1
Nfe4 22. Nc4 Qc7 23. Nd2 Qb8 24. Nc4 Qc7 25. Nd2 1/2-1/2

[Event "Festival GEMA - Cerrado GM"]
[Site "Mondariz ESP"]
[Date "2006.12.30"]
[Round "5.3"]
[White "Gallardo Garcia, Andres"]
[Black "Andres Gonzalez, Alberto"]
[Result "1/2-1/2"]
[WhiteElo "2314"]
[BlackElo "2426"]
[PlyCount "61"]
[EventDate "2006.10.09"]
[EventType "tourn"]
[EventRounds "9"]
[EventCountry "ESP"]
[EventCategory "7"]
[Source "lmi"]
[SourceDate "2006.12.26"]

1. d4 Nf6 2. c4 e6 3. Nc3 Bb4 4. Qc2 d5 5. cxd5 Qxd5 6. Nf3 c5 7. Bd2 Bxc3 8.
Bxc3 Nc6 9. dxc5 Qxc5 10. Rc1 O-O 11. Bd2 Qd5 12. e3 e5 13. Bc4 Qd6 14. Qb3 Ne4
15. Rd1 Bg4 16. Bc1 Qf6 17. Be2 Nc5 18. Qc4 e4 19. Qxc5 exf3 20. gxf3 Bxf3 21.
Rd6 Qe5 22. Qxe5 Nxe5 23. Bxf3 Nxf3+ 24. Ke2 Ne5 25. Rd5 Rfe8 26. Bd2 Rad8 27.
Rb5 Rd7 28. Bc3 f6 29. Rd1 Rxd1 30. Kxd1 Re7 31. Bxe5 1/2-1/2